| 000 | 01923nam a22002897a 4500 | ||
|---|---|---|---|
| 001 | 1187 | ||
| 005 | 20251111135414.0 | ||
| 020 | _aFISBK03795 | ||
| 040 |
_aFISKH _beng _cFISKH _dFISKH |
||
| 082 | _a591.7 | ||
| 100 | _aAnonymous | ||
| 245 | _aជ្រូកស៊ូនឹងខ្លា / | ||
| 260 |
_aPhnom Penh : _bOpsok, _c2015. |
||
| 300 |
_a12 pages : _bcolor illustrations ; _c21 cm |
||
| 490 | _aនិទានអប់រំសម្រាប់កុមារ | ||
| 505 | _aO | ||
| 520 | _aជ្រូកព្រៃមួយក្បាលដែលជាប់ក្នុងអន្លង់ត្រូវបានជួយសង្រ្គោះដោយបុរសជាងឈើម្នាក់ ហើយក៏បានត្រឡប់ទៅរស់នៅជួបជុំគ្រួសាររបស់វាវិញ។ មានសត្វខ្លាកំណាចមួយក្បាលតែងតែមកយារយីហ្វូងជ្រូកព្រៃទាំងអស់នោះ ក្រោយមកពួកវាក៏បានរៀបចំអន្ទាក់ ហើយបានប្រយុទ្ធជាមួយនឹងខ្លានោះហើយបានសម្លាប់វាស្លាប់បាត់ទៅ។ | ||
| 520 | _aA wild boar trapped in a ditch was rescued by a carpenter and returned to live with his family. A ferocious tiger always came to harass the herd of wild boars, then they set up a trap and fought with the tiger and killed it. | ||
| 521 |
_a670
_bLexile estimate |
||
| 521 |
_aO
_bRaz-Plus |
||
| 650 |
_aខ្លាឃ្មុំ _vជួយសង្រ្គោះ _xប្រយុទ្ធ |
||
| 650 |
_aBoar _vRescued _xFighting |
||
| 650 |
_aខ្លា _vប្រមាញ់ |
||
| 650 |
_aTiger _vHunting |
||
| 700 |
_aPhearum _cillustrator |
||
| 942 |
_2ddc _cBK _n0 |
||
| 999 |
_c1187 _d1187 |
||